| 000 | 01003nam a2200253 a 4500 | ||
|---|---|---|---|
| 001 | BRCA_8357 | ||
| 005 | 20190320210240.0 | ||
| 008 | 230714s1853----it-a###f##---#000-0#ita-# | ||
| 041 | _aita | ||
| 044 | _ait | ||
| 050 | 4 |
_aNA1117 _b.M3 1853 |
|
| 245 | 1 | 0 |
_aS. Marco _bConvento dei Padri Predicatori in Firenze _cilustrato e inciso principalmente nei dipinti del B. Giovanni Angelico ; con la vita dello stesso pittore, e un sunto storico del Convento Medesimo del P. Vincenzo Marchese. |
| 260 |
_aFlorencia _bSocietá Artistica _c1853 |
||
| 300 |
_aiii, 162 p. _bil., 40 láminas _c48 cm. |
||
| 500 | _aR95 | ||
| 610 | 2 | 4 |
_aConvento de San Marco _xHistoria _zFlorencia (Italia) _920926 |
| 650 | 1 | 4 |
_aArquitectura religiosa _zFlorencia (Italia) _920927 |
| 650 | 1 | 4 |
_aFrailes predicadores _zFlorencia (Italia) _920928 |
| 651 | 4 |
_aFlorencia _vConventos y monasterios _xHistoria _920929 |
|
| 700 | 1 |
_aAngelico, Giovanni _eil. _920930 |
|
| 700 | 1 |
_aMarchese, Vincenzo _920931 |
|
| 902 | _aGFM | ||
| 942 |
_2lcc _cB |
||
| 999 |
_c8025 _d8025 |
||